00617nam a2200109Ia 4500008004100000041001200041082001500053100006500068245014500133260003700278500019200315231221s9999 xx 000 0 und d aEnglish aJNBT11-219 aBhattacharjee, B. Chatterjee, J. Jacob, P. Krishnamurthy, V. 0aComputer aided screening of natural antimicrobials against putative drug targets of Heliobacter pylori 26695-an in silico designing approach c2011bJournal of Natural Science a2011. Computer aided screening of natural antimicrobials against putative drug targets of Heliobacter pylori 26695-an in silico designing approach, Journal of Natural Science, Vol. 2(2).